[Event "Championnat de Martinique Fermé "]
[Site "Madiana"]
[Date "2016.05.05"]
[Round "1.1"]
[White "Tin, Romain"]
[Black "Midonet, Matthieu"]
[Result "0-1"]
[WhiteElo "1571"]
[BlackElo "2204"]
[PlyCount "78"]
[EventDate "2016.??.??"]

1. e4 c5 2. Nf3 Nc6 3. d4 cxd4 4. Nxd4 e5 5. Nf3 h6 6. Bc4 Nf6 7. O-O Bc5 8.
Nc3 O-O 9. a3 d6 10. Qd3 Qe7 11. Nh4 Kh8 12. Qg3 Nh5 13. Ng6+ fxg6 14. Qxg6 Nf4
15. Bxf4 exf4 16. Nd5 Qg5 17. Qxg5 hxg5 18. b4 Bd4 19. c3 Be5 20. f3 Be6 21.
Rac1 Rac8 22. Rfd1 Nd8 23. Ba2 Bxd5 24. Rxd5 Rxc3 25. Rxc3 Bxc3 26. Rxd6 Nc6
27. b5 Rd8 28. Rd5 Rxd5 29. exd5 Nd4 30. Bc4 Kg8 31. d6+ Kf8 32. h4 gxh4 33.
Kh2 Ke8 34. a4 Kd7 35. Kh3 Be1 36. Kg4 Bg3 37. Bd5 b6 38. Kg5 Kxd6 39. Be4 Kc5
0-1

[Event "Championnat de Martinique Fermé "]
[Site "Madiana"]
[Date "2016.05.05"]
[Round "1.2"]
[White "Verneuil, Pascal"]
[Black "Evers, Shaman"]
[Result "1-0"]
[WhiteElo "2191"]
[BlackElo "1541"]
[PlyCount "133"]
[EventDate "2016.??.??"]

1. e4 e5 2. Nf3 Nc6 3. Bb5 a6 4. Ba4 Bc5 5. Bxc6 dxc6 6. d3 Nf6 7. Nbd2 O-O 8.
Nc4 Re8 9. Qe2 Bd6 10. Bd2 Bg4 11. h3 Bxf3 12. Qxf3 h6 13. g4 b5 14. Na5 c5 15.
O-O-O Qb8 16. g5 hxg5 17. Bxg5 Re6 18. Rdg1 Nh7 19. h4 Qb6 20. Bd2 Bf8 21. h5
c4 22. Bc3 cxd3 23. cxd3 b4 24. Nc4 Qc5 25. Bd2 Rd8 26. Kb1 Qd4 27. Rg3 Rf6 28.
Qd1 Qxf2 29. Rhg1 Qd4 30. Ka1 a5 31. Be3 Qxd3 32. Qxd3 Rxd3 33. Nxe5 Rd8 34.
Ng4 Rfd6 35. Nh6+ Rxh6 36. Bxh6 g6 37. Bf4 Bd6 38. Bxd6 Rxd6 39. hxg6 fxg6 40.
Rxg6+ Rxg6 41. Rxg6+ Kf7 42. Rc6 Nf6 43. Rxc7+ Ke6 44. Ra7 Nxe4 45. Rxa5 Kd6
46. Rb5 b3 47. Rxb3 Kc5 48. Rb8 Kc6 49. a3 Kc7 50. Rb4 Nd6 51. Ka2 Kc6 52. a4
Kc5 53. Ka3 Nc4+ 54. Rxc4+ Kxc4 55. b4 Kd5 56. Kb3 Kc6 57. Kc4 Kb6 58. Kd5 Ka6
59. Kc6 Ka7 60. Kc7 Ka6 61. b5+ Ka5 62. b6 Kxa4 63. b7 Ka5 64. b8=Q Ka4 65. Qb2
Ka5 66. Qb3 Ka6 67. Qa4# 1-0

[Event "Championnat de Martinique Fermé "]
[Site "Madiana"]
[Date "2016.05.05"]
[Round "1.4"]
[White "Suez-Panama, Gilles"]
[Black "Coat, Gabriel"]
[Result "1-0"]
[WhiteElo "2022"]
[BlackElo "1327"]
[PlyCount "123"]
[EventDate "2016.??.??"]

1. d4 d5 2. Nf3 Nf6 3. c4 e6 4. g3 Be7 5. Bg2 c6 6. Qc2 Nbd7 7. Nbd2 c5 8. O-O
O-O 9. Rd1 cxd4 10. Nxd4 Bc5 11. N4b3 Bb6 12. e3 Nc5 13. Nxc5 Bxc5 14. cxd5 Bb6
15. dxe6 fxe6 16. Nc4 Qc7 17. Bd2 Bd7 18. Rac1 Rac8 19. Qb3 Nd5 20. Nxb6 Qxb6
21. Qxb6 axb6 22. e4 Nf6 23. Bc3 Bc6 24. f3 Rfd8 25. Bd4 b5 26. Bb6 Rd7 27. Kf2
Rxd1 28. Rxd1 Nd7 29. Bd4 e5 30. Bc3 Re8 31. Bh3 Nc5 32. Bb4 Na6 33. Ba5 Kf7
34. Ke3 Nc5 35. Bc7 Re7 36. Bd6 Ne6 37. Bxe7 Kxe7 38. Bxe6 Kxe6 39. Rd8 Ke7 40.
Rh8 h6 41. f4 Kf6 42. Rf8+ Ke7 43. Rf5 g6 44. Rxe5+ Kf6 45. h4 Kg7 46. Kd4 h5
47. Kc5 Kh6 48. Re7 g5 49. fxg5+ Kg6 50. b4 b6+ 51. Kxb6 Bd7 52. e5 Bf5 53.
Kxb5 Bg4 54. Kc5 Be2 55. b5 Bd3 56. b6 Be4 57. a4 Ba8 58. a5 Bf3 59. a6 Be4 60.
b7 Bxb7 61. axb7 Kf5 62. b8=Q 1-0

[Event "Championnat de Martinique Fermé "]
[Site "Madiana"]
[Date "2016.05.05"]
[Round "1.5"]
[White "Chancerel, Dominique"]
[Black "Lafortune, Emerick"]
[Result "1-0"]
[WhiteElo "1853"]
[BlackElo "1956"]
[PlyCount "99"]
[EventDate "2016.??.??"]

1. e4 e5 2. f4 d5 3. exd5 exf4 4. Nf3 Nf6 5. Bb5+ c6 6. dxc6 Nxc6 7. d4 Bd6 8.
O-O O-O 9. c3 Bg4 10. a4 a6 11. Bd3 Re8 12. Na3 Nd5 13. Nc4 Bc7 14. Qc2 h6 15.
Bd2 g5 16. Qb3 Rb8 17. Qc2 Nf6 18. Rae1 Qd5 19. Bc1 Rxe1 20. Nxe1 Re8 21. b3 b5
22. axb5 axb5 23. Na3 b4 24. Nb5 Bb6 25. Bc4 Qd7 26. Qg6+ Kf8 27. Qxf6 bxc3 28.
Ba3+ Kg8 29. Qg6+ Kh8 30. Qxh6+ Kg8 31. Qxg5+ Kh7 32. Bd3+ f5 33. Qxg4 Nxd4 34.
Kh1 Rg8 35. Qh5+ Kg7 36. Nxd4 Qxd4 37. Bxf5 Kf6 38. Bh3 Rg6 39. Qf5+ Kg7 40.
Qd7+ Qxd7 41. Bxd7 Be3 42. Nc2 Bd2 43. Bc5 Ra6 44. Bd4+ Kg6 45. h3 Ra2 46. Bb5
Kf5 47. Bd3+ Ke6 48. h4 Kd5 49. h5 Rb2 50. b4 1-0

[Event "Championnat de Martinique Fermé "]
[Site "Madiana"]
[Date "2016.05.05"]
[Round "1.6"]
[White "Lebon, Nicolas"]
[Black "Gouacide Jean Ernest, Pascal"]
[Result "1-0"]
[WhiteElo "1874"]
[BlackElo "1648"]
[PlyCount "97"]
[EventDate "2016.??.??"]

1. f4 Nf6 2. Nf3 d5 3. e3 e6 4. b3 Be7 5. Bb2 O-O 6. Bd3 Nbd7 7. Nc3 a6 8. O-O
b5 9. Ne2 Ne4 10. Ng3 Nxg3 11. hxg3 f5 12. Kf2 Bf6 13. Bxf6 Nxf6 14. Ne5 Bb7
15. c3 c5 16. Rh1 c4 17. Bc2 Qd6 18. g4 Ne4+ 19. Kg1 g6 20. Qe1 Qd8 21. g5 b4
22. Qh4 Qe7 23. Nxg6 Qg7 24. Nxf8 Rxf8 25. Bxe4 dxe4 26. Qh6 Bd5 27. Qxg7+ Kxg7
28. cxb4 Rb8 29. bxc4 Bxc4 30. a3 Rd8 31. Rc1 Bb5 32. Rc7+ Rd7 33. Rxd7+ Bxd7
34. Kf2 Bb5 35. Rc1 Kg6 36. Rc7 Ba4 37. Ke1 h6 38. gxh6 Kxh6 39. Re7 Bb3 40.
Ra7 Bc4 41. a4 Kg6 42. Rc7 Bd3 43. Rc5 Kf6 44. b5 axb5 45. axb5 Ke7 46. b6 Ba6
47. b7 Bxb7 48. Rc7+ Kd6 49. Rxb7 1-0

[Event "Championnat de Martinique Fermé "]
[Site "Madiana"]
[Date "2016.05.05"]
[Round "2.1"]
[White "Evers, Shaman"]
[Black "Midonet, Matthieu"]
[Result "0-1"]
[WhiteElo "1541"]
[BlackElo "2204"]
[PlyCount "70"]
[EventDate "2016.??.??"]

1. e4 c5 2. Nf3 Nc6 3. d4 cxd4 4. Nxd4 e5 5. Nf3 h6 6. c4 Nf6 7. Bd3 Bb4+ 8.
Bd2 Bxd2+ 9. Qxd2 O-O 10. O-O d6 11. h3 Be6 12. Nc3 Qb6 13. b3 Nh5 14. Be2 Nf4
15. Qxd6 Rad8 16. Qa3 Nd4 17. Qb2 Bxh3 18. Nxd4 Qxd4 19. Bf3 Be6 20. Rad1 Qc5
21. Nd5 Ng6 22. Bh5 Bxd5 23. Rxd5 Rxd5 24. exd5 Re8 25. Bxg6 fxg6 26. Re1 e4
27. Re3 b5 28. Qe2 Qd4 29. Kh2 bxc4 30. bxc4 Kh7 31. Qc2 Re5 32. g3 Rh5+ 33.
Kg2 Qa1 34. g4 Qh1+ 35. Kg3 Qh2# 0-1

[Event "Championnat de Martinique Fermé "]
[Site "Madiana"]
[Date "2016.05.05"]
[Round "2.2"]
[White "Verneuil, Pascal"]
[Black "Chancerel, Dominique"]
[Result "1-0"]
[WhiteElo "2191"]
[BlackElo "1853"]
[PlyCount "79"]
[EventDate "2016.??.??"]

1. e4 e5 2. Nf3 Nc6 3. Bc4 Nf6 4. d3 Bc5 5. c3 d6 6. b4 Bb6 7. a4 a5 8. b5 Ne7
9. Qb3 O-O 10. Bg5 Ng6 11. O-O h6 12. Be3 Bxe3 13. fxe3 Qe7 14. Nbd2 Bd7 15. d4
Rae8 16. Rae1 Bg4 17. Bd3 b6 18. c4 Kh8 19. Qc2 Rd8 20. Nb3 Nh5 21. Re2 Nh4 22.
Kh1 Qf6 23. Ref2 Nxf3 24. gxf3 Bc8 25. Rg1 g5 26. Be2 Rg8 27. Bd1 exd4 28. Nxd4
Rde8 29. Rfg2 Bd7 30. Qd2 Qe5 31. f4 gxf4 32. Bxh5 Qxh5 33. exf4 Rg4 34. Qc3
Kh7 35. Ne2 Reg8 36. Ng3 Qh4 37. Qd3 Bc8 38. Qd5 Be6 39. Qc6 Rxf4 40. Nf5 1-0

[Event "Championnat de Martinique Fermé "]
[Site "Madiana"]
[Date "2016.05.05"]
[Round "2.3"]
[White "Rapon, Karl-Loic"]
[Black "Suez-Panama, Gilles"]
[Result "1/2-1/2"]
[WhiteElo "2043"]
[BlackElo "2022"]
[PlyCount "73"]
[EventDate "2016.??.??"]

1. e4 e6 2. d4 d5 3. Nc3 Nf6 4. Bg5 Be7 5. e5 Nfd7 6. h4 Bxg5 7. hxg5 Qxg5 8.
Qd3 h6 9. Rh3 g6 10. Nf3 Qe7 11. Qd2 Nc6 12. Rxh6 Rxh6 13. Qxh6 Nf8 14. O-O-O
Bd7 15. Qf4 O-O-O 16. Ng5 Be8 17. Bb5 Nd7 18. a3 Na5 19. b4 Nc4 20. Bxc4 dxc4
21. d5 Nb6 22. dxe6 Rxd1+ 23. Kxd1 fxe6 24. Qf6 Qd7+ 25. Kc1 Nd5 26. Nxd5 exd5
27. Ne6 b6 28. b5 d4 29. a4 d3 30. Nf8 d2+ 31. Kd1 Qd4 32. Qe7 Qxf2 33. Qxe8+
Kb7 34. Qc6+ Kb8 35. Qe8+ Kb7 36. Qc6+ Kb8 37. Qe8+ 1/2-1/2

[Event "Championnat de Martinique Fermé "]
[Site "Madiana"]
[Date "2016.05.05"]
[Round "2.4"]
[White "Lafortune, Emerick"]
[Black "Medeuf, Yonhel"]
[Result "1/2-1/2"]
[WhiteElo "1956"]
[BlackElo "2038"]
[PlyCount "110"]
[EventDate "2016.??.??"]

1. Nf3 d5 2. c4 d4 3. g3 Nc6 4. Bg2 e5 5. d3 Nf6 6. O-O a5 7. e3 Be7 8. exd4
exd4 9. Na3 Bxa3 10. bxa3 O-O 11. Re1 h6 12. Rb1 Ra7 13. Bf4 Nh5 14. Be5 Nxe5
15. Rxe5 Nf6 16. Qd2 Re8 17. Qf4 Rxe5 18. Qxe5 Ra6 19. c5 Re6 20. Qxd4 Qe7 21.
Qc3 Re2 22. Re1 Bg4 23. Ne5 Rxe1+ 24. Qxe1 Nd7 25. f4 f6 26. Bd5+ Kf8 27. Nxd7+
Qxd7 28. Qe4 Bf5 29. Qc4 c6 30. Be4 Be6 31. Qc3 Bxa2 32. Qxa5 f5 33. Bf3 Qd4+
34. Kg2 Qb2+ 35. Kh3 Kg8 36. Qd8+ Kh7 37. Qd7 Kg6 38. Qe8+ Bf7 39. Qd7 Qf6 40.
Qxb7 Be8 41. Qc8 Kf7 42. a4 Ke7 43. Qc7+ Bd7 44. a5 g5 45. Kg2 Qb2+ 46. Kf1
Qa1+ 47. Ke2 Qb2+ 48. Kd1 Qb1+ 49. Kd2 Qb2+ 50. Ke3 Qc1+ 51. Ke2 Qc2+ 52. Ke1
Qc3+ 53. Ke2 Qc2+ 54. Ke1 Qc3+ 55. Ke2 Qc2+ 1/2-1/2

[Event "Championnat de Martinique Fermé "]
[Site "Madiana"]
[Date "2016.05.05"]
[Round "2.5"]
[White "Coat, Gabriel"]
[Black "Lebon, Nicolas"]
[Result "0-1"]
[WhiteElo "1327"]
[BlackElo "1874"]
[PlyCount "106"]
[EventDate "2016.??.??"]

1. e4 b6 2. Nc3 Bb7 3. Bc4 e6 4. Bb3 Nf6 5. d3 d5 6. Bg5 dxe4 7. dxe4 Qxd1+ 8.
Rxd1 Bb4 9. f3 Bxc3+ 10. bxc3 Nbd7 11. Ba4 c6 12. Rd6 b5 13. Bb3 Ke7 14. Rd2
Rhd8 15. Ne2 Nb6 16. Rxd8 Rxd8 17. e5 h6 18. exf6+ gxf6 19. Bxh6 c5 20. a3 c4
21. Ba2 Rg8 22. Ng3 Nd5 23. Bd2 f5 24. Kf2 a6 25. Rb1 Bc6 26. Ne2 e5 27. a4 f6
28. axb5 axb5 29. h4 Rh8 30. Rh1 Ra8 31. Bb1 Rh8 32. Ng3 Ke6 33. Ne2 Ne7 34. g3
Ng8 35. Re1 Kf7 36. f4 Nh6 37. fxe5 Ng4+ 38. Kg1 fxe5 39. Nc1 f4 40. Rf1 f3 41.
Be1 e4 42. Ne2 e3 43. Rxf3+ Bxf3 44. Nd4 Bd5 45. Nxb5 Rb8 46. Nd6+ Ke6 47. Nxc4
Bxc4 48. Kg2 Rxb1 49. Kh3 Nf2+ 50. Bxf2 exf2 51. h5 f1=Q+ 52. Kg4 Qf5+ 53. Kh4
Rh1# 0-1

[Event "Championnat de Martinique Fermé "]
[Site "Madiana"]
[Date "2016.05.05"]
[Round "2.6"]
[White "Gouacide Jean Ernest, Pascal"]
[Black "Tin, Romain"]
[Result "0-1"]
[WhiteElo "1648"]
[BlackElo "1571"]
[PlyCount "26"]
[EventDate "2016.??.??"]

1. d4 Nf6 2. c4 e6 3. Nc3 c5 4. Nf3 cxd4 5. Nxd4 d5 6. cxd5 Nxd5 7. e3 Nxc3 8.
bxc3 Be7 9. Bd3 Nd7 10. O-O O-O 11. f4 e5 12. fxe5 Nxe5 13. Qh5 Nxd3 0-1

[Event "Championnat de Martinique Fermé "]
[Site "Madiana"]
[Date "2016.05.05"]
[Round "3.1"]
[White "Medeuf, Yonhel"]
[Black "Verneuil, Pascal"]
[Result "0-1"]
[WhiteElo "2038"]
[BlackElo "2191"]
[PlyCount "77"]
[EventDate "2016.??.??"]

1. d4 d5 2. Nf3 c6 3. Bg5 h6 4. Bf4 Nf6 5. h3 a6 6. a4 Bf5 7. e3 e6 8. Bd3 Nbd7
9. Nbd2 Be7 10. Ne5 Bxd3 11. Nxd3 c5 12. c3 O-O 13. g4 Ne4 14. Nxe4 dxe4 15.
Ne5 Nxe5 16. Bxe5 Bd6 17. Bxd6 Qxd6 18. dxc5 Qxc5 19. Qd4 Qc6 20. Rd1 b5 21.
axb5 Qxb5 22. Rd2 f5 23. Qd7 Qc4 24. Rd6 Rae8 25. Rc6 Qb5 26. Rc7 Qxd7 27. Rxd7
Rb8 28. gxf5 Rxf5 29. b4 a5 30. Rd4 axb4 31. cxb4 Rbf8 32. O-O Re5 33. Rc1 Rf3
34. Rcc4 Rg5+ 35. Kf1 Rgf5 36. Rxe4 Rxf2+ 37. Ke1 Rh2 38. Rxe6 Rff2 39. Rc8+
0-1

[Event "Championnat de Martinique Fermé "]
[Site "Madiana"]
[Date "2016.05.05"]
[Round "3.2"]
[White "Lebon, Nicolas"]
[Black "Rapon, Karl-Loic"]
[Result "0-1"]
[WhiteElo "1874"]
[BlackElo "2043"]
[PlyCount "52"]
[EventDate "2016.??.??"]

1. f4 d5 2. Nf3 g6 3. e3 Bg7 4. d4 Nh6 5. Bd3 Nd7 6. O-O O-O 7. Qe1 c5 8. c3
cxd4 9. exd4 Nf6 10. Nbd2 Bf5 11. Ne5 Bxd3 12. Nxd3 Nf5 13. Qe2 Nd6 14. Nf2 b5
15. g4 b4 16. g5 Nfe8 17. Ng4 Nf5 18. Rf3 Qc8 19. Rd3 Ned6 20. Ne3 Nxe3 21.
Rxe3 Nf5 22. Rd3 Qa6 23. Re3 Qxe2 24. Rxe2 Rfc8 25. Nb1 bxc3 26. bxc3 Nxd4 0-1

[Event "Championnat de Martinique Fermé "]
[Site "Madiana"]
[Date "2016.05.05"]
[Round "3.4"]
[White "Suez-Panama, Gilles"]
[Black "Lafortune, Emerick"]
[Result "1-0"]
[WhiteElo "2022"]
[BlackElo "1956"]
[PlyCount "62"]
[EventDate "2016.??.??"]

1. b3 e5 2. Bb2 d6 3. e3 Nf6 4. c4 g6 5. d3 Bg7 6. Nc3 Nc6 7. a3 d5 8. cxd5
Nxd5 9. Qc2 O-O 10. Nf3 Be6 11. Ne4 Bc8 12. Be2 f5 13. Nc5 b6 14. Ne6 Bxe6 15.
Qxc6 Qd6 16. Qc2 c5 17. Ng5 Bd7 18. Bf3 Bc6 19. h4 h6 20. Nh3 Rad8 21. e4 Nc7
22. Qc4+ Ne6 23. exf5 Bxf3 24. Qxe6+ Qxe6 25. fxe6 Bxg2 26. Rg1 Rxd3 27. Rxg2
Rxh3 28. O-O-O g5 29. hxg5 hxg5 30. Rxg5 Kh8 31. e7 Re8 1-0

[Event "Championnat de Martinique Fermé "]
[Site "Madiana"]
[Date "2016.05.06"]
[Round "3.5"]
[White "Chancerel, Dominique"]
[Black "Evers, Shaman"]
[Result "1-0"]
[WhiteElo "1853"]
[BlackElo "1541"]
[PlyCount "47"]
[EventDate "2016.??.??"]

1. e4 e5 2. Nf3 Nc6 3. Bc4 Nf6 4. d3 h6 5. h3 Bc5 6. c3 a6 7. O-O O-O 8. Re1
Re8 9. Nbd2 b5 10. Bb3 Bb7 11. Nf1 Ba7 12. Ng3 d5 13. exd5 Nxd5 14. d4 Na5 15.
Nxe5 Nxb3 16. axb3 c5 17. Qh5 Qc7 18. Bxh6 gxh6 19. Nf5 Re6 20. Qg4+ Rg6 21.
Nxg6 fxg6 22. Qxg6+ Kf8 23. Qxh6+ Kf7 24. Qg7# 1-0

[Event "Championnat de Martinique Fermé "]
[Site "Madiana"]
[Date "2016.05.05"]
[Round "3.6"]
[White "Tin, Romain"]
[Black "Coat, Gabriel"]
[Result "1-0"]
[WhiteElo "1571"]
[BlackElo "1327"]
[PlyCount "87"]
[EventDate "2016.??.??"]

1. e4 e6 2. Nc3 Bb4 3. Nge2 Ne7 4. g3 b6 5. Bg2 Bb7 6. O-O O-O 7. Qe1 Ng6 8. a3
Be7 9. d4 Re8 10. f4 f5 11. e5 Bxg2 12. Kxg2 d6 13. Be3 dxe5 14. dxe5 Nd7 15.
Rd1 Qc8 16. Qf2 Qb7+ 17. Qf3 Qxf3+ 18. Kxf3 Nc5 19. b4 Na6 20. Nd4 Rad8 21. b5
Nc5 22. Nc6 Rxd1 23. Rxd1 Nf8 24. Nxe7+ Rxe7 25. Bxc5 bxc5 26. Rd8 Rd7 27. Rxd7
Nxd7 28. Na4 c4 29. Ke3 Kf7 30. Kd4 Nb6 31. Nxb6 cxb6 32. Kxc4 Ke7 33. Kd4 Kd7
34. c4 Kc7 35. c5 Kb7 36. c6+ Kc7 37. g4 fxg4 38. f5 exf5 39. Kd5 f4 40. e6 Kd8
41. Kd6 f3 42. c7+ Kc8 43. e7 f2 44. e8=Q+ 1-0

[Event "Championnat de Martinique Fermé "]
[Site "Madiana"]
[Date "2016.05.05"]
[Round "4.1"]
[White "Verneuil, Pascal"]
[Black "Suez-Panama, Gilles"]
[Result "1/2-1/2"]
[WhiteElo "2191"]
[BlackElo "2022"]
[PlyCount "149"]
[EventDate "2016.??.??"]

1. e4 e6 2. d4 d5 3. Bd3 c5 4. exd5 Qxd5 5. Nc3 Qd8 6. Nf3 Nc6 7. Be3 cxd4 8.
Nxd4 Nf6 9. O-O Be7 10. Nxc6 bxc6 11. Qf3 Nd5 12. Nxd5 cxd5 13. Bb5+ Bd7 14.
Bxd7+ Qxd7 15. c4 O-O 16. cxd5 Qxd5 17. Qxd5 exd5 18. Rfd1 Rfd8 19. Bd4 Rd7 20.
Rac1 h5 21. Rc6 Bd6 22. g3 f6 23. Rdc1 Kf7 24. Kf1 h4 25. b3 hxg3 26. hxg3 a5
27. Bc5 Be5 28. f4 Bb2 29. Rc2 Ba1 30. Ke2 d4 31. Kd3 Re8 32. Re2 Rxe2 33. Kxe2
d3+ 34. Kd1 Rd5 35. Be3 f5 36. Kd2 a4 37. Rc5 Rxc5 38. Bxc5 axb3 39. axb3 Ke6
40. Kxd3 Kd5 41. Bb4 Bd4 42. Bc3 Bf2 43. Bxg7 Bxg3 44. Ke3 Be1 45. Bf8 Ba5 46.
b4 Bb6+ 47. Kd3 Bc7 48. Bh6 Bb6 49. Kc3 Bd4+ 50. Kb3 Be3 51. Ka4 Kc4 52. Bg5
Bd2 53. b5 Kc5 54. Be7+ Kb6 55. Bd6 Be3 56. Kb4 Bd2+ 57. Kc4 Be3 58. Be5 Bc1
59. Bd4+ Kb7 60. Be5 Kb6 61. Bd6 Be3 62. Bb8 Kb7 63. Kd3 Bc1 64. Be5 Kb6 65.
Kc4 Bd2 66. Bd4+ Kb7 67. Kd5 Bxf4 68. Ke6 Bd2 69. Kxf5 Ba5 70. Ke5 Bc3 71. Kd5
Be1 72. Kc5 Ba5 73. b6 Bxb6+ 74. Kd5 Bxd4 75. Kxd4 1/2-1/2

[Event "Championnat de Martinique Fermé "]
[Site "Madiana"]
[Date "2016.05.05"]
[Round "4.2"]
[White "Lafortune, Emerick"]
[Black "Lebon, Nicolas"]
[Result "1-0"]
[WhiteElo "1956"]
[BlackElo "1874"]
[PlyCount "59"]
[EventDate "2016.??.??"]

1. Nf3 Nf6 2. c4 b6 3. g3 Bb7 4. Bg2 e6 5. O-O Be7 6. b3 O-O 7. Bb2 c5 8. Nc3
d5 9. e3 Nc6 10. d3 a6 11. a3 d4 12. exd4 Nxd4 13. Nxd4 Bxg2 14. Nxe6 Qc8 15.
Kxg2 Qxe6 16. Qf3 Qd7 17. Rfe1 h6 18. Rad1 Nh7 19. Nd5 Bd6 20. Nxb6 Qd8 21.
Nxa8 Ng5 22. Qd5 Qd7 23. f4 Qh3+ 24. Kh1 Bxf4 25. gxf4 Nf3 26. Re2 Kh7 27. Rf2
Nh4 28. Rg1 f6 29. Qb7 Nf5 30. Rfg2 1-0

[Event "Championnat de Martinique Fermé "]
[Site "Madiana"]
[Date "2016.05.05"]
[Round "4.3"]
[White "Coat, Gabriel"]
[Black "Midonet, Matthieu"]
[Result "0-1"]
[WhiteElo "1327"]
[BlackElo "2204"]
[PlyCount "104"]
[EventDate "2016.??.??"]

1. e4 c5 2. c3 d5 3. exd5 Qxd5 4. c4 Qd8 5. Nc3 Nc6 6. Nf3 Nf6 7. d3 Bg4 8. Bg5
e6 9. Be2 Be7 10. a3 O-O 11. O-O Qd7 12. Bf4 Rad8 13. Ne1 Bf5 14. Qc2 Nd4 15.
Qd2 Nb3 16. Qd1 Nxa1 17. Qxa1 Bd6 18. Bxd6 Qxd6 19. Nb5 Qe5 20. Bf3 a6 21. Nc3
Rd7 22. Bd1 Bxd3 23. Nxd3 Rxd3 24. Bc2 Ng4 25. g3 Rd2 26. Qb1 Qh5 27. h4 f5 28.
Qc1 Rfd8 29. Rd1 Qh6 30. f4 Rxd1+ 31. Nxd1 Qf6 32. Nf2 Qd4 33. Qe1 Qxf2+ 34.
Qxf2 Nxf2 35. Kxf2 Rd2+ 36. Kf3 Rxc2 37. g4 Rxb2 38. g5 Rb3+ 39. Kg2 Rxa3 40.
h5 Rc3 41. h6 gxh6 42. gxh6 a5 43. Kf2 a4 44. Ke2 a3 45. Kd2 Rxc4 46. Kd3 b5
47. Kd2 a2 48. Kd3 a1=Q 49. Kd2 Qd4+ 50. Ke2 Rc2+ 51. Ke1 Qe3+ 52. Kf1 Qc1# 0-1

[Event "Championnat de Martinique Fermé "]
[Site "Madiana"]
[Date "2016.05.05"]
[Round "4.4"]
[White "Rapon, Karl-Loic"]
[Black "Tin, Romain"]
[Result "1-0"]
[WhiteElo "2043"]
[BlackElo "1571"]
[PlyCount "73"]
[EventDate "2016.??.??"]

1. c4 Nf6 2. Nc3 e6 3. e4 Nc6 4. d4 d5 5. e5 Ne4 6. Nf3 Bb4 7. Qc2 Ne7 8. Bd3
Nxc3 9. bxc3 Ba5 10. c5 c6 11. h4 h6 12. Kf1 b5 13. h5 Kd7 14. Nh4 Bb7 15. Rh3
Nc8 16. f4 Rf8 17. Kg1 Ne7 18. Rg3 f5 19. Bd2 Ng8 20. Rxg7+ Kc8 21. Be1 Qe8 22.
a4 a6 23. axb5 axb5 24. Bxf5 exf5 25. Rxa5 Rxa5 26. Nxf5 Rf6 27. Rxg8 Qxg8 28.
Ne7+ Kc7 29. Nxg8 Rxf4 30. Bg3 Ra1+ 31. Kh2 Rff1 32. e6+ Kd8 33. Bh4+ Kc8 34.
e7 Kd7 35. Qe2 Rae1 36. e8=Q+ Kc7 37. Qd8# 1-0

[Event "Championnat de Martinique Fermé "]
[Site "Madiana"]
[Date "2016.05.05"]
[Round "4.5"]
[White "Chancerel, Dominique"]
[Black "Medeuf, Yonhel"]
[Result "0-1"]
[WhiteElo "1853"]
[BlackElo "2038"]
[PlyCount "88"]
[EventDate "2016.??.??"]

1. e4 c5 2. Nf3 d6 3. d4 cxd4 4. Nxd4 Nf6 5. Nc3 g6 6. Be3 Bg7 7. f3 O-O 8. Qd2
Nc6 9. O-O-O Bd7 10. g4 Bxg4 11. Nxc6 bxc6 12. fxg4 Nxg4 13. Be2 Nxe3 14. Qxe3
Qa5 15. Bc4 Rab8 16. Bb3 Qe5 17. Rdf1 d5 18. Qg3 Qxg3 19. hxg3 e6 20. exd5 cxd5
21. Ne2 Rfc8 22. Rh4 Rc5 23. Rfh1 a5 24. Rxh7 a4 25. Bxa4 Bxb2+ 26. Kd2 Bf6 27.
Bb3 Rb4 28. R7h3 Bg5+ 29. Kd1 Re4 30. Rh8+ Kg7 31. R1h7+ Kf6 32. Rf8 Rc7 33. a4
d4 34. Rh1 d3 35. cxd3 Rb4 36. Bc2 Rb2 37. Rh7 Rcxc2 38. Rfxf7+ Ke5 39. Nf4
Bxf4 40. Rxf4 Rd2+ 41. Kc1 Rdc2+ 42. Kd1 Rd2+ 43. Kc1 Rg2 44. Re4+ Kf6 0-1

[Event "Championnat de Martinique Fermé "]
[Site "Madiana"]
[Date "2016.05.05"]
[Round "4.6"]
[White "Evers, Shaman"]
[Black "Gouacide Jean Ernest, Pascal"]
[Result "1-0"]
[WhiteElo "1541"]
[BlackElo "1648"]
[PlyCount "79"]
[EventDate "2016.??.??"]

1. e4 c5 2. Nf3 Nc6 3. d4 cxd4 4. Nxd4 Nf6 5. Nc3 e5 6. Ndb5 d6 7. Bd3 a6 8.
Na3 Be6 9. Ne2 Be7 10. c4 O-O 11. O-O Bg4 12. Nc2 Nd7 13. b3 Nc5 14. Bb2 Nxd3
15. Qxd3 Be6 16. Nc3 f5 17. exf5 Bxf5 18. Qd5+ Kh8 19. Ne3 Bd7 20. Ba3 Rf6 21.
Qd2 Rg6 22. Ne2 Bh3 23. Ng3 Be6 24. Nef5 Bxf5 25. Nxf5 Bf8 26. Rad1 Qd7 27. Ng3
Rd8 28. Rfe1 Qe7 29. Re3 Nd4 30. Bb2 Nc6 31. Qe2 Qg5 32. Qf3 Be7 33. Ne4 Qh6
34. Qh3 Qf4 35. Rdd3 Nd4 36. Bxd4 exd4 37. Rxd4 Rf8 38. Kf1 Bg5 39. Rdd3 Re8
40. Nxg5 1-0

[Event "Championnat de Martinique Fermé "]
[Site "Madiana"]
[Date "2016.05.05"]
[Round "5.1"]
[White "Midonet, Matthieu"]
[Black "Rapon, Karl-Loic"]
[Result "0-1"]
[WhiteElo "2204"]
[BlackElo "2043"]
[PlyCount "72"]
[EventDate "2016.??.??"]

1. e4 c5 2. b3 a6 3. Bb2 Nc6 4. f4 e6 5. Nf3 Nf6 6. d3 d5 7. Nbd2 Ng4 8. Qe2 d4
9. h3 Ne3 10. Nc4 Nxc4 11. dxc4 Qf6 12. Qd2 e5 13. f5 g6 14. Bd3 gxf5 15. exf5
Bh6 16. Qe2 Bxf5 17. O-O Be3+ 18. Kh1 Bxd3 19. cxd3 Qe7 20. Qe1 f5 21. Nh4 f4
22. Ba3 O-O 23. Rb1 a5 24. Nf3 Kh8 25. Nd2 Rg8 26. Ne4 b6 27. Qe2 Rg6 28. Rb2
Rag8 29. Qf3 Qg7 30. Re2 Ne7 31. Bc1 Nf5 32. Bxe3 dxe3 33. Rg1 Nd4 34. Qf1 f3
35. Rxe3 Rxg2 36. Re1 Ne2 0-1

[Event "Championnat de Martinique Fermé "]
[Site "Madiana"]
[Date "2016.05.05"]
[Round "5.2"]
[White "Lebon, Nicolas"]
[Black "Verneuil, Pascal"]
[Result "0-1"]
[WhiteElo "1874"]
[BlackElo "2191"]
[PlyCount "102"]
[EventDate "2016.??.??"]

1. f4 d5 2. Nf3 Nf6 3. e3 g6 4. b3 Bg7 5. Bb2 O-O 6. c4 c6 7. Be2 Qb6 8. O-O
Bg4 9. Ne5 Bxe2 10. Qxe2 Qd8 11. d3 Nbd7 12. Nd2 a5 13. g4 Nxe5 14. Bxe5 Qd7
15. f5 Ne8 16. Bxg7 Nxg7 17. e4 dxc4 18. dxc4 Qd4+ 19. Qf2 Rad8 20. Rad1 Qxf2+
21. Rxf2 Rd4 22. Re1 Rfd8 23. Nf3 Rd1 24. Rff1 Rxe1 25. Rxe1 f6 26. Kf2 Kf7 27.
fxg6+ hxg6 28. Ke2 Ne6 29. Rd1 Nf4+ 30. Ke1 Ng2+ 31. Ke2 Rxd1 32. Kxd1 Ne3+ 33.
Ke2 Nxg4 34. h3 Nh6 35. c5 Ke6 36. Nd2 Nf7 37. Ke3 Ne5 38. a4 Kf7 39. Nf1 Kg7
40. Ng3 Nd7 41. Kd4 e5+ 42. Kc4 Kh6 43. h4 Nf8 44. b4 axb4 45. Kxb4 Ne6 46. a5
Nd4 47. a6 bxa6 48. Ka5 f5 49. exf5 gxf5 50. Kxa6 e4 51. Kb6 e3 0-1

[Event "Championnat de Martinique Fermé "]
[Site "Madiana"]
[Date "2016.05.05"]
[Round "5.3"]
[White "Suez-Panama, Gilles"]
[Black "Chancerel, Dominique"]
[Result "0-1"]
[WhiteElo "2022"]
[BlackElo "1853"]
[PlyCount "102"]
[EventDate "2016.??.??"]

1. d4 Nf6 2. Nf3 d5 3. c4 e6 4. g3 c6 5. Qc2 Nbd7 6. Bg2 dxc4 7. Qxc4 Bd6 8.
O-O h6 9. Nc3 O-O 10. Rd1 Qe7 11. e4 e5 12. Nh4 Nb6 13. Qb3 Kh7 14. Be3 Ng4 15.
dxe5 Bxe5 16. Bd4 Bxd4 17. Rxd4 Be6 18. Qc2 g6 19. Nf3 Rad8 20. Rad1 Qf6 21.
Rxd8 Rxd8 22. Rxd8 Qxd8 23. h4 Qd6 24. h5 Qc5 25. hxg6+ fxg6 26. Bf1 Bxa2 27.
b4 Qf8 28. Nh4 Bf7 29. b5 Qc5 30. bxc6 bxc6 31. Qe2 h5 32. Nd1 Bb3 33. Qf3 Qb4
34. Nb2 Nd7 35. Nd3 Qd4 36. Qf4 a5 37. Nf3 Qg7 38. Ng5+ Kh8 39. Nc1 Bg8 40. Be2
Qf6 41. Qxf6+ Ngxf6 42. f4 Nc5 43. e5 Nfe4 44. Kg2 Nxg5 45. fxg5 a4 46. Bf3 a3
47. Bxc6 Nb3 48. Na2 Nd4 49. Nc3 Nxc6 50. Kf3 Nxe5+ 51. Kf4 Ng4 0-1

[Event "Championnat de Martinique Fermé "]
[Site "Madiana"]
[Date "2016.05.05"]
[Round "5.4"]
[White "Tin, Romain"]
[Black "Lafortune, Emerick"]
[Result "0-1"]
[WhiteElo "1571"]
[BlackElo "1956"]
[PlyCount "82"]
[EventDate "2016.??.??"]

1. e4 e5 2. Bc4 Nf6 3. Nf3 Nxe4 4. Nxe5 d5 5. Qf3 Be6 6. d4 Qh4 7. g3 Nxg3 8.
hxg3 Qxd4 9. Bb5+ c6 10. Bxc6+ Nxc6 11. Nxc6 bxc6 12. O-O Bd6 13. Qc3 Qxc3 14.
Nxc3 Rb8 15. Re1 Kd7 16. Ne2 Bg4 17. Kg2 Rhe8 18. f3 Bf5 19. c3 Bd3 20. Kf2
Bxe2 21. Rxe2 Rxe2+ 22. Kxe2 Bxg3 23. f4 h5 24. b4 d4 25. Kf3 h4 26. Bd2 dxc3
27. Bxc3 f6 28. Kg4 Rg8 29. Bd4 a6 30. f5 Re8 31. Bc5 Re4+ 32. Kh5 h3 33. Rg1
h2 34. Rh1 Re1 35. Rxh2 Bxh2 36. Kg6 Bg1 37. Bf8 Re8 38. Bxg7 Rg8 39. Kf7 Rxg7+
40. Kxg7 Bd4 41. Kf7 Kd6 0-1